[Event "Lichtenrader Herbst"]
[Site "Berlin"]
[Date "2009.10.21"]
[Round "5.6"]
[White "Gunajew, Rafal"]
[Black "Behrmann, Joachim"]
[Result "1/2-1/2"]
[WhiteElo "2261"]
[BlackElo "2203"]
[PlyCount "115"]
[EventDate "2009.??.??"]
[BlackTeam "SK Zehlendorf e.V."]

1. e4 e5 2. Nf3 Nc6 3. Nc3 Nf6 4. Bb5 Bb4 5. O-O O-O 6. d3 Bxc3 7. bxc3 d6 8.
Re1 Ne7 9. d4 Ng6 10. dxe5 Nxe5 11. Nxe5 dxe5 12. Ba3 Bg4 13. f3 c6 14. Bxf8
Qb6+ 15. Kh1 Rxf8 16. Bf1 Be6 17. Qd6 Nd7 18. Rab1 Qf2 19. Re2 Qc5 20. Rd2 Qxd6
21. Rxd6 Nc5 22. a3 Re8 23. Rbd1 Kf8 24. Rd8 Na4 25. c4 Ke7 26. Rxe8+ Kxe8 27.
Kg1 Nb6 28. Rb1 Bc8 29. Kf2 Ke7 30. g3 c5 31. f4 f6 32. f5 Bd7 33. h4 Be8 34.
g4 Ba4 35. Bd3 Be8 36. g5 Kf7 37. Rg1 Ke7 38. Ke3 Na4 39. Kd2 Nb6 40. Kc3 Nc8
41. Kd2 b6 42. Ke3 Nd6 43. Rd1 Nb7 44. Be2 Nd6 45. gxf6+ gxf6 46. Rg1 Kf8 47.
c3 Nc8 48. Rb1 Ke7 49. h5 h6 50. Rg1 Kf8 51. a4 a5 52. Bd1 Nd6 53. Kd3 Nc8 54.
Bc2 Nd6 55. Rb1 Nc8 56. Ke3 Ke7 57. Bd3 Kf8 58. Rg1 1/2-1/2

[Event "Lichtenrader Herbst"]
[Site "Berlin"]
[Date "2009.10.21"]
[Round "5.7"]
[White "Stippekohl, Peter"]
[Black "Brener, Ilja"]
[Result "0-1"]
[WhiteElo "2140"]
[BlackElo "2409"]
[PlyCount "64"]
[EventDate "2009.??.??"]

1. Nf3 d6 2. d4 g6 3. g3 Bg7 4. Bg2 Nd7 5. c4 e5 6. Nc3 Ne7 7. dxe5 dxe5 8. h4
h6 9. e4 O-O 10. Be3 Nc6 11. Qd2 Kh7 12. O-O-O Nb6 13. Qxd8 Nxd8 14. b3 Bg4 15.
Rd2 Nc6 16. Nh2 Be6 17. Nb5 Rac8 18. Rhd1 Na8 19. f4 a6 20. f5 gxf5 21. exf5
Bxf5 22. Bxc6 bxc6 23. Na7 Rce8 24. Nxc6 Nb6 25. Bc5 Rh8 26. g4 Be4 27. Nb4 Ra8
28. Rf1 f6 29. Nc2 Rhd8 30. Rxd8 Rxd8 31. Be7 Rd3 32. Bxf6 Rc3 0-1

[Event "Lichtenrader Herbst"]
[Site "Berlin"]
[Date "2009.10.21"]
[Round "5.8"]
[White "Graf, Alexander"]
[Black "Degro, Heiko"]
[Result "1-0"]
[WhiteElo "2596"]
[BlackElo "2045"]
[PlyCount "89"]
[EventDate "2009.??.??"]

1. d4 d5 2. c4 c6 3. Nf3 Nf6 4. Nc3 g6 5. Bf4 Bg7 6. e3 O-O 7. Rc1 a6 8. h3 e6
9. c5 b6 10. cxb6 Qxb6 11. Qd2 Nbd7 12. Na4 Qb7 13. Bd3 Re8 14. O-O Nh5 15. Bh2
e5 16. Be2 e4 17. Ne1 Nhf6 18. Nc2 a5 19. Na1 Nb6 20. Nxb6 Qxb6 21. Nb3 Ba6 22.
Bxa6 Qxa6 23. Rc3 Rac8 24. Rc5 a4 25. Ra5 Qb6 26. Rxa4 Nd7 27. Rc1 Bf8 28. Qa5
Qb7 29. Qa6 Qxa6 30. Rxa6 c5 31. dxc5 Nxc5 32. Nxc5 Bxc5 33. Bf4 d4 34. exd4
Bxd4 35. Rxc8 Rxc8 36. Ra4 Bxb2 37. Rxe4 Kg7 38. a4 Rd8 39. Kf1 Rd3 40. Ke2 Ra3
41. Bd6 Ra2 42. Kd3 Bf6 43. Bc5 h5 44. Bb6 Bg5 45. a5 1-0

[Event "Lichtenrader Herbst"]
[Site "Berlin"]
[Date "2009.10.21"]
[Round "5.9"]
[White "Richter, Goetz"]
[Black "Giemsa, Stephan"]
[Result "1/2-1/2"]
[WhiteElo "2067"]
[BlackElo "2305"]
[PlyCount "58"]
[EventDate "2009.??.??"]
[WhiteTeam "Klub Kölner Schachfreunde e.V. 1"]
[BlackTeam "SK König Tegel 1949 e.V."]

1. e4 e6 2. d4 d5 3. Nc3 Nf6 4. Bg5 dxe4 5. Nxe4 Be7 6. Bxf6 gxf6 7. Nf3 a6 8.
Qd2 b5 9. a4 Bb7 10. Qe3 Nd7 11. axb5 axb5 12. Rd1 b4 13. c4 bxc3 14. Nxc3 Nb6
15. Bb5+ c6 16. Bd3 h5 17. O-O h4 18. h3 Nd5 19. Nxd5 cxd5 20. Bb5+ Kf8 21. Rc1
Qb6 22. Qe2 Ra5 23. Bd3 Ra2 24. Rc2 Bd6 25. Rfc1 Bf4 26. Rb1 Bc6 27. b4 Rxc2
28. Qxc2 Bd6 29. b5 Bb7 1/2-1/2

[Event "Lichtenrader Herbst"]
[Site "Berlin"]
[Date "2009.10.21"]
[Round "5.10"]
[White "Dauth, Benjamin"]
[Black "Muskewitz, Bernd"]
[Result "1-0"]
[WhiteElo "2297"]
[BlackElo "2013"]
[PlyCount "141"]
[EventDate "2009.??.??"]

1. e4 c5 2. c3 d5 3. exd5 Qxd5 4. d4 cxd4 5. cxd4 Nc6 6. Nf3 e5 7. Nc3 Bb4 8.
Bd2 Bxc3 9. Bxc3 e4 10. Ne5 Nxe5 11. dxe5 Ne7 12. Qc2 O-O 13. Rd1 Qxa2 14. Qxe4
Bf5 15. Bc4 Bxe4 16. Bxa2 Rfd8 17. f3 Bd5 18. Bb4 Bxa2 19. Bxe7 Rxd1+ 20. Kxd1
Bb3+ 21. Kd2 Rc8 22. Ra1 a6 23. Ra3 Bd5 24. g4 Re8 25. Bd6 g5 26. Rc3 Bc6 27.
Ke3 f6 28. f4 gxf4+ 29. Kxf4 fxe5+ 30. Bxe5 Kf7 31. Rd3 Re7 32. Rd8 Re8 33. Rd6
Re6 34. Rd8 Re8 35. Rd3 Re7 36. g5 Rd7 37. Rh3 Ke6 38. Rh6+ Kd5 39. h4 Kc4 40.
h5 Rf7+ 41. Bf6 Kd5 42. Ke3 Kc4 43. Be5 Re7 44. Kf4 Rf7+ 45. Kg4 Kd5 46. Bc3
Bd7+ 47. Kg3 Be6 48. g6 hxg6 49. hxg6 Rf1 50. g7 Rg1+ 51. Kf4 Rg4+ 52. Kf3 Rg1
53. Rh5+ Kc6 54. Kf4 Bb3 55. Rh6+ Kc5 56. Rh8 a5 57. Rc8+ Kb5 58. Bd4 Rg2 59.
Rc7 Ka6 60. Rd7 Rg6 61. Kf5 Bc2+ 62. Kf4 Bb3 63. Rc7 Ba2 64. Re7 a4 65. Re1 Bb3
66. Rc1 b5 67. Kf5 Rg2 68. Rc3 Bc4 69. Kf6 Kb7 70. Be3 Rg3 71. Rxc4 1-0

[Event "Lichtenrader Herbst"]
[Site "Berlin"]
[Date "2009.10.21"]
[Round "5.11"]
[White "Reichenbach, Werner"]
[Black "Schmidt, Juergen"]
[Result "1-0"]
[WhiteElo "2280"]
[BlackElo "2009"]
[PlyCount "53"]
[EventDate "2009.??.??"]
[WhiteTeam "SK Zehlendorf e.V."]
[BlackTeam "SC Kreuzberg e.V."]

1. e4 e5 2. Nf3 Nc6 3. Bb5 a6 4. Ba4 Nf6 5. O-O Be7 6. Re1 b5 7. Bb3 O-O 8. h3
d5 9. exd5 Nxd5 10. Nxe5 Nxe5 11. Rxe5 c6 12. d3 Bd6 13. Re1 Qf6 14. Nd2 Qg6
15. Qf3 Nf4 16. Kh1 Bb8 17. Nf1 Nh5 18. Be3 Ba7 19. Bxa7 Rxa7 20. Re5 Nf6 21.
Rae1 Nd5 22. Ne3 Nxe3 23. Qxe3 Ra8 24. Qc5 Bd7 25. Qe7 Rad8 26. R1e3 Be6 27.
Rxe6 1-0

[Event "Lichtenrader Herbst"]
[Site "Berlin"]
[Date "2009.10.21"]
[Round "5.12"]
[White "Roitzsch, Philippe"]
[Black "Rolle, Eric"]
[Result "1/2-1/2"]
[WhiteElo "2004"]
[BlackElo "2265"]
[PlyCount "79"]
[EventDate "2009.??.??"]
[WhiteTeam "Muldental Wilkau-Haßlau"]
[BlackTeam "ESV 1949 Eberswalde e.V."]

1. e4 c5 2. c3 Nf6 3. e5 Nd5 4. d4 cxd4 5. Nf3 e6 6. cxd4 b6 7. Bc4 Ba6 8. Bxd5
exd5 9. a3 d6 10. Nc3 Be7 11. Qa4+ Qd7 12. Qxd7+ Nxd7 13. Nxd5 Rc8 14. Nxe7
Kxe7 15. exd6+ Kxd6 16. Bf4+ Kd5 17. Kd1 Rhe8 18. Be3 Bc4 19. Rc1 f5 20. Nd2
Bd3 21. Nb1 Rxc1+ 22. Kxc1 f4 23. Nc3+ Kc4 24. Bxf4 Kxd4 25. Kd2 Bf5 26. Nb5+
Kc5 27. Nd6 Rf8 28. b4+ Kd5 29. Re1 Bh3 30. Bg3 Bxg2 31. Re7 Bh3 32. Rxg7 h6
33. Rg6 Rf6 34. Rxf6 Nxf6 35. Nb5 a5 36. Nc3+ Kd4 37. bxa5 bxa5 38. Bc7 Kc4 39.
Bxa5 Ng4 40. Bc7 1/2-1/2

[Event "Lichtenrader Herbst"]
[Site "Berlin"]
[Date "2009.10.21"]
[Round "5.13"]
[White "Marcziter, Dmitrii"]
[Black "Schmidt, Stefan"]
[Result "1-0"]
[WhiteElo "2257"]
[BlackElo "1989"]
[PlyCount "83"]
[EventDate "2009.??.??"]

1. d4 e6 2. c4 Nf6 3. Nc3 Bb4 4. Qc2 O-O 5. a3 Bxc3+ 6. Qxc3 Ne4 7. Qc2 d5 8.
Nf3 b6 9. Bf4 c5 10. cxd5 exd5 11. e3 Ba6 12. Bxa6 Nxa6 13. dxc5 bxc5 14. O-O
g5 15. Be5 f6 16. Bc3 Nxc3 17. Qxc3 Qe7 18. Rfd1 Rab8 19. Rd2 Rb6 20. h4 g4 21.
Nh2 f5 22. g3 c4 23. Rad1 Nc7 24. Qd4 Qd6 25. e4 fxe4 26. Nxg4 Qe6 27. Ne3 Rfb8
28. Qc5 Na6 29. Qxd5 Qxd5 30. Rxd5 Rxb2 31. Nxc4 Rb1 32. Rxb1 Rxb1+ 33. Kg2 Rc1
34. Rd8+ Kg7 35. Rd7+ Kg8 36. Rxa7 Nc5 37. Ne3 Ra1 38. Nd5 Ra2 39. Nf6+ Kf8 40.
Nxh7+ Ke8 41. Nf6+ Kd8 42. Kf1 1-0

[Event "Lichtenrader Herbst"]
[Site "Berlin"]
[Date "2009.10.21"]
[Round "5.14"]
[White "Cusnariov, Nicolai"]
[Black "Herrmann, Markus"]
[Result "1-0"]
[WhiteElo "2156"]
[BlackElo "1979"]
[PlyCount "81"]
[EventDate "2009.??.??"]
[WhiteTeam "USV Potsdam e.V., Abt. Schach"]
[BlackTeam "SG Turm Leipzig"]

1. f4 e5 2. e4 exf4 3. Nf3 d6 4. d4 g5 5. Bc4 h6 6. c3 Bg7 7. Qb3 Qe7 8. O-O
Nc6 9. h4 g4 10. Nh2 f3 11. Nxg4 Bxg4 12. Qxb7 Rb8 13. Qxc6+ Kd8 14. g3 Nf6 15.
Nd2 Nh5 16. Kf2 Rb6 17. Qd5 Rf8 18. e5 f5 19. exd6 Qxd6 20. Qxd6+ cxd6 21. Nxf3
f4 22. gxf4 Nxf4 23. Kg3 Bxf3 24. Rxf3 Nh5+ 25. Kf2 Nf6 26. Bd3 Ng4+ 27. Kg3
Nf6 28. Rf5 d5 29. b4 Rc6 30. Bd2 Ne4+ 31. Bxe4 dxe4 32. Rxf8+ Bxf8 33. Re1 Re6
34. d5 Bd6+ 35. Kg4 Rg6+ 36. Kf5 Rg2 37. Bxh6 Rxa2 38. Rxe4 Kd7 39. Bg5 Rf2+
40. Kg6 Rf3 41. Re3 1-0

[Event "Lichtenrader Herbst"]
[Site "Berlin"]
[Date "2009.10.21"]
[Round "5.15"]
[White "Voelz, Stephan"]
[Black "Niehaus, Frank"]
[Result "1/2-1/2"]
[WhiteElo "1997"]
[BlackElo "2152"]
[PlyCount "149"]
[EventDate "2009.??.??"]

1. d4 Nf6 2. c4 g6 3. Nc3 Bg7 4. e4 d6 5. f3 O-O 6. Be3 c5 7. Nge2 Qa5 8. Qd2
Nc6 9. Rd1 a6 10. d5 Ne5 11. Nc1 b5 12. cxb5 axb5 13. Bxb5 Ba6 14. Bxa6 Rxa6
15. Nb3 Qb4 16. Qc2 Rxa2 17. O-O Raa8 18. Nd2 Nfd7 19. Ra1 Nb6 20. Rxa8 Rxa8
21. b3 Nxf3+ 22. Nxf3 Qxc3 23. Qxc3 Bxc3 24. Rc1 Bb4 25. Bd2 Bxd2 26. Nxd2 Ra2
27. Rd1 Rb2 28. Kf1 Kg7 29. Ke1 c4 30. bxc4 Rc2 31. c5 Rxc5 32. Kf2 Nd7 33. Nf3
Rc2+ 34. Rd2 Rc3 35. Re2 Kf6 36. h4 h5 37. Ng5 Ra3 38. g3 e6 39. dxe6 fxe6 40.
Rd2 Ke7 41. Rb2 Nc5 42. Rd2 Rb3 43. Ra2 Rb2+ 44. Rxb2 Nd3+ 45. Kf3 Nxb2 46. g4
Nd3 47. gxh5 gxh5 48. Ke3 Ne5 49. Ke2 Ng6 50. Nf3 Kd7 51. Ke3 Kc6 52. Nd4+ Kd7
53. Nf3 e5 54. Kd3 Kc6 55. Kc4 Nf4 56. Nh2 d5+ 57. exd5+ Nxd5 58. Nf1 Nf4 59.
Ng3 Kd6 60. Ne4+ Ke6 61. Ng3 Kf6 62. Kc5 Ke7 63. Kc4 Ke6 64. Kc5 Ng6 65. Nxh5
Nxh4 66. Ng3 Nf5 67. Nf1 e4 68. Kc4 Ke5 69. Kc3 Kf4 70. Kd2 Nd4 71. Ke1 Nf3+
72. Ke2 Ng1+ 73. Ke1 Ke5 74. Kf2 Nh3+ 75. Ke3 1/2-1/2

[Event "Lichtenrader Herbst"]
[Site "Berlin"]
[Date "2009.10.21"]
[Round "5.16"]
[White "Dimitrijeski, Kristian"]
[Black "Davydov, Ruven"]
[Result "1/2-1/2"]
[WhiteElo "2148"]
[BlackElo "1954"]
[PlyCount "80"]
[EventDate "2009.??.??"]

1. d4 Nf6 2. c4 e6 3. Nf3 d5 4. Nc3 Bb4 5. cxd5 exd5 6. Bf4 O-O 7. e3 c5 8. Bd3
Qa5 9. O-O c4 10. Be2 Bxc3 11. bxc3 Qxc3 12. Bd6 Re8 13. Ne5 Nbd7 14. Qa4 Nxe5
15. dxe5 Bd7 16. Qd1 Re6 17. Rc1 Qb2 18. exf6 Rxd6 19. Bxc4 Qxf6 20. Bxd5 Bc6
21. e4 Rad8 22. Qb3 Bxd5 23. exd5 b6 24. Rc7 a6 25. Rd1 h6 26. h3 Qe5 27. Rc6
Rxd5 28. Rxd5 Rxd5 29. Rxb6 Qe1+ 30. Kh2 Rf5 31. Rxa6 Qxf2 32. Qg3 Qd2 33. Rd6
Qxa2 34. Rxh6 Qb2 35. Rc6 Qe5 36. Qxe5 Rxe5 37. Kg3 f6 38. Kf4 Kf7 39. g4 g5+
40. Kf3 Kg6 1/2-1/2

[Event "Lichtenrader Herbst"]
[Site "Berlin"]
[Date "2009.10.21"]
[Round "5.17"]
[White "Moritz, Aron"]
[Black "Wuensch, Ulrich"]
[Result "1-0"]
[WhiteElo "1995"]
[BlackElo "2137"]
[PlyCount "63"]
[EventDate "2009.??.??"]
[WhiteTeam "SV Empor Berlin e.V."]
[BlackTeam "USG Chemnitz"]

1. e4 c5 2. Nf3 Nc6 3. d4 cxd4 4. Nxd4 g6 5. c4 Nf6 6. Nc3 d6 7. Be3 Bg7 8. Be2
O-O 9. Rc1 Bd7 10. Nc2 Rc8 11. O-O b6 12. f3 Na5 13. b3 Nb7 14. Qd2 Re8 15.
Rfd1 Nc5 16. Nb4 Qc7 17. Bg5 Bc6 18. Nbd5 Bxd5 19. cxd5 Qb8 20. b4 Ncd7 21. Ba6
Rcd8 22. Nb5 Ne5 23. Rc7 Rd7 24. Rdc1 Rxc7 25. Rxc7 e6 26. dxe6 fxe6 27. Qxd6
Nf7 28. Qc6 Nxg5 29. Nd6 Rd8 30. h4 Rxd6 31. Qxd6 Ne8 32. Rxg7+ 1-0

[Event "Lichtenrader Herbst"]
[Site "Berlin"]
[Date "2009.10.21"]
[Round "5.18"]
[White "Welz, Peter"]
[Black "Ruehrmund, Daniel"]
[Result "1-0"]
[WhiteElo "2100"]
[BlackElo "1886"]
[PlyCount "85"]
[EventDate "2009.??.??"]

1. e4 c5 2. Nc3 Nc6 3. g3 g6 4. Bg2 Bg7 5. d3 d6 6. Be3 e6 7. Qd2 Nd4 8. Nd1
Ne7 9. c3 Ndc6 10. f4 O-O 11. Nf3 Rb8 12. O-O b6 13. Bf2 Ba6 14. Re1 Qd7 15. d4
Rbd8 16. Ne3 Na5 17. b3 Bb7 18. Nf1 cxd4 19. cxd4 d5 20. e5 Rc8 21. g4 Rc7 22.
Be3 Rfc8 23. Qf2 Rc2 24. Qh4 Rb2 25. Bh3 Rcc2 26. f5 exf5 27. Ng3 fxg4 28. Bxg4
Qe8 29. Bh6 Bxh6 30. Qxh6 Qf8 31. Qh4 Bc8 32. Bxc8 Nxc8 33. Nf1 Qe7 34. Qh3 Qe6
35. Qxe6 fxe6 36. Ne3 Rd2 37. Nxd2 Rxd2 38. Rac1 Ne7 39. Rc7 Nec6 40. Rf1 Nxd4
41. Ng4 Nf5 42. Rfc1 g5 43. Rxa7 1-0

[Event "Lichtenrader Herbst"]
[Site "Berlin"]
[Date "2009.10.21"]
[Round "5.19"]
[White "Poppner, Dietmar"]
[Black "Binder, Thomas"]
[Result "1-0"]
[WhiteElo "2093"]
[BlackElo "1873"]
[PlyCount "103"]
[EventDate "2009.??.??"]
[WhiteTeam "SV Berolina Mitte e.V."]
[BlackTeam "SF Siemensstadt"]

1. f4 d5 2. Nf3 Nf6 3. e3 g6 4. b3 Bg7 5. Bb2 O-O 6. Be2 c5 7. O-O Nc6 8. Ne5
Bd7 9. Bf3 e6 10. d3 Rc8 11. Nd2 d4 12. Bxc6 Bxc6 13. Nxc6 Rxc6 14. e4 Nd7 15.
Qf3 e5 16. f5 Qg5 17. Bc1 Qf6 18. Qg3 Qe7 19. Nf3 Bf6 20. Bh6 Re8 21. Rae1 Kh8
22. Qh3 g5 23. Qh5 Rg8 24. g4 Bg7 25. Bxg5 Nf6 26. Bxf6 Bxf6 27. h4 Qf8 28. g5
Qg7 29. Kf2 Bd8 30. Rg1 Bc7 31. f6 Qg6 32. Qxg6 Rxg6 33. h5 Rg8 34. h6 b5 35.
Nh4 c4 36. Nf5 cxd3 37. cxd3 Rc2+ 38. Re2 Rc3 39. Ne7 Re8 40. Nd5 Rc5 41. b4
Rc6 42. a4 a6 43. axb5 axb5 44. Ra2 Bd6 45. Kf3 Kg8 46. Rga1 Kf8 47. Ra7 Rcc8
48. g6 fxg6 49. Rxh7 Kg8 50. f7+ Kxh7 51. fxe8=Q Rxe8 52. Nf6+ 1-0

[Event "Lichtenrader Herbst"]
[Site "Berlin"]
[Date "2009.10.21"]
[Round "5.20"]
[White "Zesewitz, Martin"]
[Black "Hahlbohm, Matthias"]
[Result "0-1"]
[WhiteElo "1893"]
[BlackElo "2090"]
[PlyCount "96"]
[EventDate "2009.??.??"]
[WhiteTeam "SF Friedrichshagen"]
[BlackTeam "TSG Oberschöneweide e.V."]

1. f4 d5 2. Nf3 c5 3. b3 Nf6 4. e3 Nc6 5. Bb5 Bd7 6. O-O e6 7. Bb2 Be7 8. Qe1
O-O 9. a3 Ne4 10. d3 Nd6 11. Bxc6 Bxc6 12. Ne5 Be8 13. Nd2 f6 14. Nef3 b5 15.
e4 Bd7 16. Qf2 Rc8 17. Rae1 a5 18. Re2 c4 19. dxc4 dxc4 20. bxc4 Nxc4 21. Nxc4
Rxc4 22. Kh1 Bc5 23. Qg3 Qe7 24. Rd1 Be8 25. Rd3 h6 26. Nd4 Kh7 27. f5 Bxd4 28.
Rxd4 Rxd4 29. Bxd4 exf5 30. Qe3 Qxe4 31. Qxe4 fxe4 32. Rxe4 Bg6 33. Re2 Rd8 34.
c3 b4 35. axb4 axb4 36. g3 b3 37. Rb2 Bc2 38. Kg2 Kg6 39. Kf3 Kf5 40. h3 Ke6
41. h4 Kd5 42. g4 Kc4 43. g5 hxg5 44. hxg5 Rxd4 45. cxd4 Kxd4 46. gxf6 gxf6 47.
Kf4 Kc3 48. Rxb3+ Kxb3 0-1

[Event "Lichtenrader Herbst"]
[Site "Berlin"]
[Date "2009.10.21"]
[Round "5.40"]
[White "Jaeger, Andre"]
[Black "Dukaczewski, Piotr"]
[Result "0-1"]
[WhiteElo "2047"]
[BlackElo "2285"]
[PlyCount "98"]
[EventDate "2009.??.??"]

1. d4 Nf6 2. c4 g6 3. g3 Bg7 4. Bg2 O-O 5. Nc3 d6 6. Nf3 Nc6 7. O-O a6 8. d5
Na5 9. b3 Rb8 10. Nd4 Bd7 11. Bb2 e5 12. dxe6 fxe6 13. Qd2 b5 14. cxb5 axb5 15.
Bh3 e5 16. Ne6 Qe7 17. Ng5 Bxh3 18. Nxh3 c6 19. f3 b4 20. Nd1 d5 21. Qg5 Rfe8
22. Nhf2 c5 23. f4 Nd7 24. Ng4 Qxg5 25. fxg5 c4 26. Nde3 c3 27. Bc1 Rb5 28.
Nf6+ Bxf6 29. gxf6 Rf8 30. Ng4 h5 31. f7+ Kh7 32. Nh6 Kg7 33. Bg5 Nc6 34. Rf2
d4 35. Raf1 e4 36. h4 Nce5 37. Rf4 d3 38. exd3 exd3 39. Rd4 d2 40. g4 hxg4 41.
Kg2 Rb7 42. h5 Nf3 43. Rd6 gxh5 44. Be7 Rxf7 45. Nxf7 Kxf7 46. Bg5 Kg7 47. Bh6+
Kh7 48. Rh1 Rb6 49. Rxh5 Rxd6 0-1

[Event "Lichtenrader Herbst"]
[Site "Berlin"]
[Date "2009.10.22"]
[Round "6.1"]
[White "Kalinitschew, Sergey"]
[Black "Stachanczyk, Jacek"]
[Result "1-0"]
[WhiteElo "2483"]
[BlackElo "2212"]
[PlyCount "101"]
[EventDate "2009.??.??"]

1. d4 Nf6 2. c4 g6 3. g3 Bg7 4. Bg2 O-O 5. Nc3 d6 6. Nf3 Nc6 7. O-O Bf5 8. d5
Na5 9. Nd2 c6 10. e4 Bg4 11. f3 Bd7 12. Rb1 cxd5 13. cxd5 Rc8 14. Rf2 b5 15.
Nf1 Qc7 16. Be3 Nc4 17. Bd4 b4 18. Ne2 Qa5 19. Nc1 Rc7 20. Ne3 Nxe3 21. Bxe3
Ba4 22. Nb3 Bxb3 23. axb3 Qb5 24. Ra1 Qb8 25. Bh3 Nd7 26. Rc1 Rfc8 27. Rc6 Ne5
28. Ra6 Re8 29. Kh1 Qb5 30. Bf1 Qb8 31. Qa1 Nd7 32. Rxa7 Rxa7 33. Bxa7 Qb7 34.
Be3 Nc5 35. Bc4 Ra8 36. Qe1 Ra2 37. Bxc5 dxc5 38. e5 Qb8 39. f4 e6 40. Kg2 Qa8
41. Qe4 Ra7 42. Qf3 exd5 43. Bxd5 Qe8 44. h4 Kh8 45. h5 g5 46. fxg5 Bxe5 47.
Bxf7 Qe7 48. Qf5 Ra8 49. Bc4 Re8 50. Re2 Qb7+ 51. Kh2 1-0

[Event "Lichtenrader Herbst"]
[Site "Berlin"]
[Date "2009.10.22"]
[Round "6.2"]
[White "Radovanovic, Jovica"]
[Black "Meister, Jakob"]
[Result "1/2-1/2"]
[WhiteElo "2360"]
[BlackElo "2480"]
[PlyCount "70"]
[EventDate "2009.??.??"]
[BlackTeam "SK Zehlendorf e.V."]

1. d4 Nf6 2. c4 e6 3. Nc3 Bb4 4. f3 c5 5. d5 exd5 6. cxd5 Nh5 7. Nh3 d6 8. g4
Nf6 9. Nf2 O-O 10. Bg2 Nbd7 11. f4 b5 12. g5 Ne8 13. O-O Bxc3 14. bxc3 f5 15.
gxf6 Qxf6 16. Qd3 c4 17. Qg3 Nc5 18. e4 Bb7 19. Bd2 Qf7 20. Be3 Na4 21. Ng4 Kh8
22. Bd4 Nf6 23. Nxf6 gxf6 24. Rab1 a6 25. Kh1 Rae8 26. Bf3 Nc5 27. Rbe1 Rg8 28.
Qh4 Ref8 29. Rg1 Rxg1+ 30. Rxg1 a5 31. Qh6 b4 32. cxb4 axb4 33. Rg6 Nd7 34. Rg2
Rg8 35. Rxg8+ Kxg8 1/2-1/2

[Event "Lichtenrader Herbst"]
[Site "Berlin"]
[Date "2009.10.22"]
[Round "6.3"]
[White "Graf, Alexander"]
[Black "Meissner, Hans-Juergen"]
[Result "1-0"]
[WhiteElo "2596"]
[BlackElo "2241"]
[PlyCount "133"]
[EventDate "2009.??.??"]

1. d4 Nf6 2. c4 g6 3. Nc3 Bg7 4. e4 d6 5. f3 O-O 6. Be3 Nc6 7. Nge2 a6 8. Qd2
Re8 9. Rc1 h5 10. Nd1 Bd7 11. Nf2 b5 12. c5 e6 13. Nd3 a5 14. g3 b4 15. Bg2 Ne7
16. O-O Bb5 17. Rc2 d5 18. e5 Nd7 19. Bh3 Nc6 20. f4 b3 21. Rc3 bxa2 22. Ra1 a4
23. Rxa2 Na5 24. Qd1 c6 25. Ndc1 Nc4 26. Bf2 Qc7 27. Rc2 Reb8 28. Nc3 a3 29. b3
Nb2 30. Qd2 Ra7 31. Nb1 Rba8 32. Nxa3 Rxa3 33. Rcxb2 Nf8 34. Rxa3 Rxa3 35. Ra2
Qa7 36. Qb2 Ra6 37. Rxa6 Qxa6 38. Qa2 Nd7 39. Qxa6 Bxa6 40. Bf1 Nb8 41. Be1 Bf8
42. Ba5 Be7 43. Bd3 Bxd3 44. Nxd3 Na6 45. Kf2 Kf8 46. Ke3 Ke8 47. Kd2 Kd7 48.
Kc3 Kc8 49. b4 Kb7 50. Kb3 g5 51. Ka4 g4 52. b5 Nb8 53. b6 f5 54. exf6 Bxf6 55.
Bc3 Nd7 56. Kb3 Nf8 57. Kc2 Ng6 58. Nc1 Ne7 59. Kd3 Bg7 60. Nb3 Bf6 61. Bd2 Kc8
62. Na5 Kd7 63. b7 Kc7 64. f5 e5 65. dxe5 Bxe5 66. Bg5 Nxf5 67. b8=Q+ 1-0

[Event "Lichtenrader Herbst"]
[Site "Berlin"]
[Date "2009.10.22"]
[Round "6.4"]
[White "Behrmann, Joachim"]
[Black "Batyrov, Sapar"]
[Result "1-0"]
[WhiteElo "2203"]
[BlackElo "2421"]
[PlyCount "67"]
[EventDate "2009.??.??"]
[WhiteTeam "SK Zehlendorf e.V."]

1. d4 d5 2. c4 e6 3. Nf3 c5 4. cxd5 exd5 5. g3 Nc6 6. Bg2 Nf6 7. O-O Be7 8.
dxc5 Bxc5 9. Nbd2 O-O 10. Nb3 Bb6 11. Nbd4 Bg4 12. Nxc6 bxc6 13. Ne5 Rc8 14.
Nxg4 Nxg4 15. e3 f5 16. b3 h5 17. h3 Nf6 18. h4 Ng4 19. Qd3 g5 20. Bb2 gxh4 21.
Qc3 d4 22. exd4 hxg3 23. Qxg3 f4 24. Qh3 Qg5 25. Qf3 Rc7 26. Rad1 Rg7 27. d5
Qh4 28. Qh3 Bxf2+ 29. Kh1 f3 30. Qxh4 fxg2+ 31. Kxg2 Ne3+ 32. Kh1 Nxf1 33. Bxg7
Bxh4 34. Bxf8 1-0

[Event "Lichtenrader Herbst"]
[Site "Berlin"]
[Date "2009.10.22"]
[Round "6.5"]
[White "Brener, Ilja"]
[Black "Cusnariov, Nicolai"]
[Result "1-0"]
[WhiteElo "2409"]
[BlackElo "2156"]
[PlyCount "143"]
[EventDate "2009.??.??"]

1. Nf3 Nf6 2. c4 c6 3. d4 d5 4. Nbd2 e6 5. e3 Nbd7 6. Bd3 Bd6 7. O-O O-O 8. e4
dxe4 9. Nxe4 Nxe4 10. Bxe4 e5 11. dxe5 Nxe5 12. Nxe5 Bxe5 13. Bxh7+ Kxh7 14.
Qh5+ Kg8 15. Qxe5 Re8 16. Qc3 Bf5 17. Be3 Qd3 18. Qxd3 Bxd3 19. Rfc1 b6 20. c5
b5 21. Rd1 Rad8 22. h3 f6 23. Kh2 a6 24. g4 Bc4 25. Rd6 Bd5 26. a3 Kf7 27. h4
Rh8 28. Kg3 Rde8 29. Rd1 Re6 30. Rxe6 Kxe6 31. f4 Kf7 32. h5 g6 33. hxg6+ Kxg6
34. f5+ Kf7 35. Bd4 a5 36. Bc3 Ra8 37. Rd2 Re8 38. Bxa5 Re3+ 39. Kh4 Re1 40.
Rf2 Re3 41. g5 Re4+ 42. Kh5 fxg5 43. Kxg5 Re3 44. Bc3 Rh3 45. Kf4 Ke7 46. Re2+
Kd7 47. Kg5 Rh5+ 48. Kg6 Rh1 49. Bf6 Bc4 50. Re7+ Kc8 51. Re3 Rh2 52. b3 Bd5
53. Be5 Rg2+ 54. Kf6 Rg8 55. Bd6 Kd8 56. a4 bxa4 57. bxa4 Rg4 58. Ra3 Kc8 59.
a5 Kb7 60. a6+ Ka8 61. Bc7 Rg1 62. Bb6 Bc4 63. a7 Rg8 64. Re3 Rf8+ 65. Kg5 Rg8+
66. Kf4 Bd5 67. Re7 Rf8 68. Ke5 Bg2 69. f6 Bd5 70. Rd7 Be6 71. Rd8+ Rxd8 72.
Bxd8 1-0

[Event "Lichtenrader Herbst"]
[Site "Berlin"]
[Date "2009.10.22"]
[Round "6.7"]
[White "Poppner, Dietmar"]
[Black "Reichenbach, Werner"]
[Result "0-1"]
[WhiteElo "2093"]
[BlackElo "2280"]
[PlyCount "48"]
[EventDate "2009.??.??"]
[WhiteTeam "SV Berolina Mitte e.V."]
[BlackTeam "SK Zehlendorf e.V."]

1. f4 d5 2. Nf3 g6 3. e3 Bg7 4. d4 Nf6 5. Bd3 O-O 6. O-O c5 7. c3 b6 8. Ne5 e6
9. Nd2 Bb7 10. Qf3 Nbd7 11. g4 Ne8 12. Bb5 Nb8 13. Bxe8 Qxe8 14. g5 Nc6 15. b3
f6 16. gxf6 Bxf6 17. Ng4 Bg7 18. Qg3 cxd4 19. Ba3 dxc3 20. Bxf8 Qxf8 21. Nf3 d4
22. Nfe5 Qc5 23. exd4 Nxd4 24. Qe3 Qd5 0-1

[Event "Lichtenrader Herbst"]
[Site "Berlin"]
[Date "2009.10.22"]
[Round "6.8"]
[White "Hahlbohm, Matthias"]
[Black "Gunajew, Rafal"]
[Result "0-1"]
[WhiteElo "2090"]
[BlackElo "2261"]
[PlyCount "86"]
[EventDate "2009.??.??"]

1. e4 c5 2. Nf3 Nc6 3. d4 cxd4 4. Nxd4 Nf6 5. Nc3 d6 6. Be2 e5 7. Nb3 Be7 8.
Be3 Be6 9. Bf3 O-O 10. g4 a5 11. a4 Nb4 12. Rg1 Nd7 13. Nd5 Bxd5 14. exd5 b6
15. c3 Na6 16. Qc2 Bg5 17. O-O-O Nac5 18. Nd2 Bxe3 19. fxe3 Qb8 20. Be2 Nf6 21.
e4 Ra7 22. g5 Ne8 23. Nb1 g6 24. h4 Ng7 25. Rdf1 Qd8 26. h5 gxh5 27. Rf6 Qd7
28. b3 Qh3 29. Nd2 Rc7 30. Kb2 Qe3 31. Rg2 Qh3 32. Rg1 Rfc8 33. c4 Rd8 34. Nb1
Qe3 35. Rh1 Qxe4 36. Qd1 Qd4+ 37. Qxd4 exd4 38. Rd1 Re7 39. Bd3 Re5 40. Na3
Rxg5 41. Nb5 Nxd3+ 42. Rxd3 Re8 43. Rxd4 Re1 0-1

[Event "Lichtenrader Herbst"]
[Site "Berlin"]
[Date "2009.10.22"]
[Round "6.9"]
[White "Lueders, Gerhard"]
[Black "Schulz, Petra"]
[Result "1/2-1/2"]
[WhiteElo "2259"]
[BlackElo "2075"]
[PlyCount "128"]
[EventDate "2009.??.??"]

1. g3 g6 2. Bg2 Bg7 3. e4 c5 4. Ne2 Nc6 5. O-O d6 6. c3 e5 7. Na3 Nge7 8. Nc2
O-O 9. d4 b6 10. Bg5 h6 11. Be3 Ba6 12. Re1 Rc8 13. d5 Nb8 14. b3 f5 15. f3 Nd7
16. a4 Nf6 17. c4 g5 18. exf5 Nxf5 19. Bh3 Nxe3 20. Nxe3 Rb8 21. Be6+ Kh8 22.
Nf5 Ng8 23. g4 Ne7 24. Neg3 Bc8 25. Ra2 Nxf5 26. Nxf5 Rxf5 27. gxf5 a5 28. Qd3
Bd7 29. Rg2 Bf6 30. h4 Be8 31. hxg5 Bxg5 32. Kf2 Rb7 33. Rh1 Qf6 34. Qe4 Rh7
35. Ke2 Bf7 36. Kd3 Kg8 37. f4 exf4 38. Qxf4 Rg7 39. Qe4 Kf8 40. Rhg1 Be8 41.
Kc2 Re7 42. Kb1 Rg7 43. Ka2 h5 44. Re2 Bh6 45. Bc8 Bf7 46. Rge1 Rg3 47. Qe7+
Kg7 48. Qxf6+ Kxf6 49. Re6+ Bxe6 50. Rxe6+ Kg7 51. Rxd6 Bf4 52. Rxb6 Be5 53.
Kb1 h4 54. Kc2 h3 55. f6+ Bxf6 56. Bxh3 Rc3+ 57. Kd2 Rxh3 58. Rb5 Bc3+ 59. Ke2
Bb4 60. Rb7+ Kf6 61. Rb6+ Ke7 62. Re6+ Kd7 63. Re3 Rxe3+ 64. Kxe3 Kd6 1/2-1/2